Statistiques concernant Anagrammes de villes françaises en énigmes

Cliquez ici pour prendre le quiz!

Statistiques générales

  • Ce quiz a été pris 10 465 fois
  • Le résultat moyen est 15 sur 30

Statistiques - réponses

IndiceRéponse% Correct
Sport de combat avec gants matelassésBOXE
92%
3,1415926535...PI
89%
Note de musique associée
au B en anglais
SI
89%
Equidé à rayuresZEBRE
88%
Il peut être minéral ou de tableSEL
83%
Venu au mondeNE
79%
¥YEN
73%
Se dit d'une carte à puce
utilisée en téléphonie mobile
SIM
68%
Femelle du canardCANE
67%
Célèbre jeu de construction danoisLEGO
65%
Vendre, à l'anglaiseSELL
65%
Ni tienne, ni mienneSIENNE
64%
Couleur primaire,
avec jaune et magenta
CYAN
57%
Deuxième ville algérienne
par la population
ORAN
54%
Pleine de grâce, elle est saluéeMARIE
51%
Plantes urticantes utilisées en
tant qu'engrais ou aliment
ORTIES
51%
Maladie de peau d'origine hormonaleACNE
49%
MARIE + SELLMARSEILLE
43%
BOXE + ARDUBORDEAUX
40%
CYAN + NEANNECY
32%
ORTIES + PIPOITIERS
30%
Difficile, pénibleARDU
28%
Gentils ou savoureuxBONS
27%
SI + ZEBREBEZIERS
26%
LEGO + SIMLIMOGES
25%
SEL + ORANORLEANS
24%
YEN + ACNECAYENNE
23%
Métal léger de numéro atomique 22TITANE
23%
TITANE + SIENNESAINT-ETIENNE
17%
CANE + BONSBESANCON
9%

Distribution des résultats

Percentile par nombre de réponses

% des personnes avec chaque résultat

Votre développement - résultats

Vous n’avez pas pris ce quiz